LEADER 01384nam 2200409 450 001 9910398049503321 005 20200720101826.0 010 $a84-1324-629-6 035 $a(CKB)4100000010947753 035 $a(MiAaPQ)EBC6774895 035 $a(EXLCZ)994100000010947753 100 $a20200720d2019 uy 0 101 0 $aspa 135 $aurcnu|||||||| 181 $ctxt$2rdacontent/spa 182 $cc$2rdamedia/spa 183 $acr$2rdacarrier/spa 200 10$aReflexiones en las vi?speras de la entrada en vigor de la $eley reguladora de los contratos de cre?dito Inmobiliario /$fAntonio Rodri?guez Adrados 210 1$aMadrid :$cDykinson,$d2019. 215 $a1 recurso en li?nea (178 pa?ginas) 311 $a84-1324-574-5 606 $aMortgage loans 606 $aCredit$xLaw and legislation$zSpain$vCongresses 606 $aPre?stamos hipotecarios 606 $aCre?ditos$xLegislacio?n$zEspan?a$vCongresos 608 $aLibros electronicos. 615 0$aMortgage loans. 615 0$aCredit$xLaw and legislation 615 4$aPre?stamos hipotecarios. 615 4$aCre?ditos$xLegislacio?n 676 $a332.722 700 $aRodri?guez Adrados$b Antonio$0916573 801 0$bFINmELB 906 $aBOOK 912 $a9910398049503321 996 $aReflexiones en las vi?speras de la entrada en vigor de la$92054781 997 $aUNINA LEADER 03865nam 22007095 450 001 9910674357903321 005 20251008152033.0 010 $z9783031137891 010 $z3031137892 010 $a9783031137907$b(electronic bk.) 010 $a3031137906$b(electronic bk.) 024 7 $a10.1007/978-3-031-13790-7 035 $a(CKB)26183517300041 035 $a(MiAaPQ)EBC7207067 035 $a(Au-PeEL)EBL7207067 035 $a(DE-He213)978-3-031-13790-7 035 $a(EXLCZ)9926183517300041 100 $a20230222d2023 u| 0 101 0 $aeng 135 $aurcz#---auuuu 181 $ctxt$2rdacontent 182 $cc$2rdamedia 183 $acr$2rdacarrier 200 10$aEnjoyment as Enriched Experience $eA Theory of Affect and Its Relation to Consciousness /$fby Nathaniel F. Barrett 205 $a1st ed. 2023. 210 1$aCham :$cSpringer International Publishing :$cImprint: Palgrave Macmillan,$d2023. 215 $a1 online resource (xiv, 264 pages) $cillustrations 225 1 $aPalgrave Perspectives on Process Philosophy,$x2524-4736 311 08$aPrint version: Barrett, Nathaniel F. Enjoyment as enriched experience. Basingstoke : Palgrave Macmillan, 2022 9783031137891 (OCoLC)1346321499 320 $aIncludes bibliographical references and index. 327 $a1. 1. Introduction: The Enrichment Approach to the Problem of Affect -- Part I: The Problem of Affect -- 2. The Problem of Value in Scientific Explanation -- 3. The Challenge of Affect -- 4.Adding Pieces to the Puzzle: Implications for Affective Science -- Part II: A Harmonic Theory of Affect -- 5. Affect as a Feeling of Harmonic Intensity -- 6. Affect and Consciousness -- 7. Affect and the Feeling Self -- 8. The Affective Continuum -- 9. Enjoyment -- 10. Conclusion. 330 $aThis book has two main tasks: (1) to call attention to the special challenges presented by our experience of affect?all varieties of pleasure and pain?and (2) to show how these challenges can be overcome by an ?enrichment approach? that understands affect as the enrichment or deterioration of conscious activity as a whole. This ?enrichment approach? draws from Alfred North Whitehead as well as the pragmatists John Dewey and William James, all of whom thought of affect as a fundamental aspect of experience rather than a special class of feelings. It also draws from recent scientific research that suggests that the dynamic repertoire of consciousness can change, effectively expanding and contracting our capacity to feel. Weaving these perspectives together, the book develops a theory that accounts for the peculiar phenomenology of affect and sheds new light on a diverse range of experiences, from everyday pleasures and pains to the special satisfactions of the arts and religious festivity. At the same time, it presents a fresh and distinctively affect-centered perspective on the nature of consciousness. 410 0$aPalgrave Perspectives on Process Philosophy,$x2524-4736 606 $aPhilosophy of mind 606 $aPhenomenology 606 $aPragmatism 606 $aPhilosophy, American 606 $aPhilosophy of Mind 606 $aPhenomenology 606 $aPragmatism 606 $aAmerican Philosophy 615 0$aPhilosophy of mind. 615 0$aPhenomenology. 615 0$aPragmatism. 615 0$aPhilosophy, American. 615 14$aPhilosophy of Mind. 615 24$aPhenomenology. 615 24$aPragmatism. 615 24$aAmerican Philosophy. 676 $a152.4/2 676 $a152.42 700 $aBarrett$b Nathaniel F.$01337514 801 0$bMiAaPQ 801 1$bMiAaPQ 801 2$bMiAaPQ 801 2$bGW5XE 801 2$bYDX 801 2$bUKMGB 801 2$bN$T 912 $a9910674357903321 996 $aEnjoyment As Enriched Experience$93056988 997 $aUNINA